Регионална библиотека "Любен Каравелов" - Русе

Любовта е куче от ада (Запис номер 489104)

MARC детайли
000 -Лидер
Контролно поле с фиксирана дължина 01184nam a2200289 a 4500
003 - Код на организацията, давaща контролен номер
Контролно поле BLK
005 - Дата и час на последна редакция
Контролно поле 20240727162915.0
008 - Елементи от данни с фиксирана дължина
fixed length control field 210820b bul|||||r ||||||| ||bul||
010 ## - Наследен системен номер
LC control number KNG00199326000
020 ## - Международен стандартен номер на книга ISBN
Международен стандартен номер на книга ISBN 9789547833425
040 ## - Източник на каталожния запис
Идентификатор на билиотеката - собственик на записа BLK
041 ## - Код за език
Код за езика на текст/звукозапис или на отделно заглавие Български
Код за езика КДБФ Български
080 ## - УДК
Текстов определител УДК Американска литература (на САЩ)
УДК код - определител по УДК 821.111(73)
УДК определител -1
УДК - код + определител 821.111(73)-1
100 1# - Редна дума - Автор
Автор Буковски, Чарлс
Авторска отговорност първи автор
R(LIN) 371745
139 ## - Редно поле
Редна дума Буковски, Чарлс
Авторски знак Бук - Б 85
245 10 - Сведения за заглавието
Заглавие Любовта е куче от ада
Редно поле (дума) Чарлс Буковски ; прев. Александър Тончев; ил. Николай Масторов.
257 ## - Страна на издаване
Страна на създаване/издаване България
260 ## - Област на издателските данни
Място на издаване, разпространение и проч. София
Име на издателя, разпространителя и проч. Локус пъблишинг
Година на издаване 2022
9 (RLIN) 213084
Издателство - префикс ISBN 978-954-783-
300 ## - Физическа характеристика
Страници 462 с.
Илюстрации и др. с ил.
Размери/Мащаб 15 см
380 ## - Жанр
Жанр Худож. лит.
500 ## - Общи забележки
Забележка Ориг. загл. Love is A Dog From Hell / Charles Bukowski.
700 ## - Други автори (авторска отговорност)
Лично име Тончев, Александър
Автороска отговорност (Описва отношението между автора и произведението) прев.
9 (RLIN) 383160
700 ## - Други автори (авторска отговорност)
Лично име Майсторов, Николай Лазаров
Автороска отговорност (Описва отношението между автора и произведението) ил.
9 (RLIN) 599
856 ## - Електронен адрес и достъп
Инструкция (цена за достъп) 0.00
Права за достъп disable
999 ## - СИСТЕМНИ КОНТРОЛНИ НОМЕРА
Koha biblionumber 489104
Koha biblioitemnumber 489104
942 ## - АРТИКУЛИ
Вид на библиотечния материал Книги
Скрит в OPAC Не
Koha issues (borrowed), all copies 38
Периодичен библиозапис Да
944 ## - СЪЗДАВАНЕ И РЕДАКЦИЯ на ЗАПИСА
Дата на регистрацията/редакция 2023-03-16
Служител, извършил регистрацията/редакцията 30576
Статус, дата на статуса Цветомила Тодорова
Наличности
Код за отписване Код за изгубен артикул Източник на класификационната схема Код за повреда Коз за рестрикции Код за отдаване Артикулен № Име на библиотеката - собственик Име на библиотеката, в която се намира в момента Статус (Текущо местоположение) Дата на вписване в системата Местоположение - отдел Цена в лева Инвентарен номер Систематично азбучна сигнатура Баркод Цена в евро Служебен тип на артикула
  Не е изгубен Universal Decimal Classification Не е повреден без рестрикции заемане за дома 925293 Регионална библиотека "Любен Каравелов" Русе Регионална библиотека "Любен Каравелов" Русе Заемна - подръчен фонд 2023-03-28 Заемна - подръчен фонд 24.75 120000884532 821-1/Б 85 Ч 120000884532 12.65 Книги
  Не е изгубен Universal Decimal Classification Не е повреден само за читалня ползва се в читалня 928619 Регионална библиотека "Любен Каравелов" Русе Регионална библиотека "Любен Каравелов" Русе Хранилище 2023-05-16 Хранилище 33.00 120000887963 Цб І 42461 120000887963 16.87 Книги
Vip Innovations Ltd, Rousse, Bulgaria 2025